000 01025cam a2200313 a 4500
001 3944444
003 PILC
005 20150112093438.0
008 980122t20041998nyua b 001 0 eng
010 _a 98009581
020 _a9780743260879 (pbk.)
020 _a0743260872 (pbk.)
035 _a(CaONFJC)cou00262259
035 _a3944444
040 _aDLC
_cDLC
_dDLC
_dCaONFJC
_dCaONFJC
_dUtOrBLW
050 4 _aHD 41
_b.P668 2004
082 0 4 _aMnSF 658
_bP668 1998
090 _aHD41
_b.P668 2004
100 1 _aPorter, Michael E.,
_d1947-
_916886
245 1 0 _aCompetitive advantage :
_bcreating and sustaining superior performance /
_cMichael E. Porter.
250 _a1st Free Press export ed.
260 _aNew York ;
_aToronto :
_bFree Press,
_c2004.
300 _a557 pages :
_billustration ;
_c24 cm.
504 _aIncludes bibliographical references (p. 537-540) and index.
650 0 _aCompetition.
_911081
650 0 _aIndustrial management.
_9441
942 _2lcc
_cBK
949 _aFirm
_oD134472
_r3855911
999 _c14634
_d14634